000 00654nam a2200253Ia 4500
005 20260121161147.0
008 008 260114s9999 xx 000 0 eng d
020 _a9781003322245
037 _aEBOOK
040 _aCRL
040 _beng
040 _cCRL
041 _2eng
041 _aeng
084 _qCRL
100 _aAleida Auld
_91040944
245 0 _aEarly Modern Authorship and the Editorial Tradition:Shakespeare, Donne, Herbert, and Milton
260 _bTaylor and Francis
260 _c2024
856 _uhttp://www.taylorfrancis.com/books/9781003322245
942 _cEBOOK
999 _c1607760
_d1607760